| 000 | 02019nam a2200253Ia 4500 | ||
|---|---|---|---|
| 999 |
_c51635 _d51635 |
||
| 001 | 18626 | ||
| 003 | GE_BSU | ||
| 005 | 20220919172254.0 | ||
| 008 | 181216s2013||||ge |||||||||||||| ||geo|| | ||
| 040 | _cGE_BSU | ||
| 041 | _ageo | ||
| 080 | _a004 კ-36 | ||
| 100 |
_aკახიანი, გრიგოლ _91840 |
||
| 245 |
_aპროგნოზირების ადაპტური ალგორითმების შექმნა ხელოვნური ნეირონული ქსელების გამოყენებით : დისერტაცია / _cგრიგოლ კახიანი; სამეცნიერო ხელმძღვანელი იბრაიმ დიდმანიძე, ონისე სურმანიძე; ბათუმის შოთა რუსთაველის სახ-ფო უნ-ტი. კომპიუტერულ მეცნიერებათა დეპარტამენტი. |
||
| 264 |
_aთბილისი, _c2013. |
||
| 300 |
_a158 გვ.; _b30 სმ. |
||
| 653 | _aდისერტაცია | ||
| 653 | _aპროგნოზირების ადაპტური ალგორითმების შექმნა ხელოვნური ნეირონული ქსელების გამოყენებით. | ||
| 653 | _aსაინფორმაციო ტექნოლოგიები | ||
| 700 |
_aდიდმანიძე, იბრაიმ _eსამეცნიერო ხელმძღვანელი _91168 |
||
| 700 |
_aსურმანიძე, ონისე _eსამეცნიერო ხელმძღვანელი _92481 |
||
| 710 |
_aბათუმის შოთა რუსთაველის სახ-ფო უნ-ტი. _b კომპიუტერულ მეცნიერებათა დეპარტამენტი. _911492 |
||
| 942 |
_cBK _2udc |
||